Diccionario geográfico, estadístico, histórico de las Islas Filipinas ... / (Record no. 152904)

MARC details
000 -LEADER
campo de control de longitud fija 00941nam a2200217 i 4500
001 - NÚMERO DE CONTROL
campo de control 152904
003 - IDENTIFICADOR DE NÚMERO DE CONTROL
campo de control ES-MaACL
005 - FECHA Y HORA DE LA ÚLTIMA TRANSACCIÓN
campo de control 20230906204924.0
008 - DATOS DE LONGITUD FIJA--INFORMACIÓN GENERAL
campo de control de longitud fija 931025m18501851sp |||| | spa d
100 0# - ENTRADA PRINCIPAL--NOMBRE DE PERSONA
Nombre de persona Buzeta, Manuel.
9 (RLIN) 32997
245 10 - MENCIÓN DEL TÍTULO
Título Diccionario geográfico, estadístico, histórico de las Islas Filipinas ... /
Mención de responsabilidad, etc. por Manuel Buzeta y Felipe Bravo.
260 ## - PUBLICACIÓN, DISTRIBUCIÓN, ETC.
Lugar de publicación, distribución, etc. Madrid :
Nombre del editor, distribuidor, etc. [s.n.],
Fecha de publicación, distribución, etc. 1850-1851 (
Fabricante Imprenta de José C. de la Peña)
300 ## - DESCRIPCIÓN FÍSICA
Extensión 2 v.([6], VII, 567, [6] p., [2] h. de grab., [6] h. pleg. ; 476, 18, [14] h. pleg.). :
Otras características físicas il. ;
Dimensiones 27 cm.
530 ## - NOTA DISPONIBLE DE FORMULARIO FÍSICO ADICIONAL
Nota de formato físico adicional disponible Disponible en formato digital.
597 ## - NOTA DE DESCRIPCIÓN FÍSICA
NOTA DE DESCRIPCIÓN FÍSICA Retratos de Isabel II y de Francisco de Asís en v. 1.
597 ## - NOTA DE DESCRIPCIÓN FÍSICA
NOTA DE DESCRIPCIÓN FÍSICA Texto a dos col.
651 #4 - PUNTO DE ACCESO ADICIONAL DE MATERIA--NOMBRE GEOGRÁFICO
Nombre geográfico Filipinas-
Subdivisión general Descripción.
9 (RLIN) 8657
700 0# - ENTRADA AGREGADA--NOMBRE PERSONAL
Nombre de persona Bravo, Felipe.
9 (RLIN) 31451
852 ## - LOCALIZACIÓN
Ubicación ES-MaACL
Número de control de estantería G-1135-36
Nota libre -- Enc. hol.
856 ## - LOCALIZACIÓN Y ACCESO ELECTRÓNICOS
Identificador Uniforme de Recursos <a href="http://bdh-rd.bne.es/viewer.vm?id=0000007635&page=1 ">http://bdh-rd.bne.es/viewer.vm?id=0000007635&page=1 </a>
Nota pública Biblioteca Digital Hispánica
Holdings
Estatus retirado Estado de pérdida Estado de daño No para préstamo Colección Biblioteca de origen Biblioteca actual Ubicación en estantería Fecha de adquisición Total de préstamos Signatura topográfica completa Código de barras Visto por última vez Precio de reemplazo Tipo de ítem Koha
        Colección digital Biblioteca del Ateneo de Madrid Biblioteca del Ateneo de Madrid Sala Pecera Planta 3 17/01/2008   G-1135-36 1159706 23/02/2023 23/02/2023 Libro impreso antiguo